000 00529nam a2200193Ia 4500
008 220204s9999 xx 000 0 und d
020 _a0123485320
082 _a631.4(031)
_bHIL.2
100 _aHillel, Daniel
245 0 _aEncyclopedia of soils in the environments. V.2 (Fe-M)
260 _aUK
_bElsevier Ltd
_c2005
505 _aSet of 4 vol
650 _aBiodiversity
650 _aCrop residue management
650 _aCrop water management
650 _aOrganic farming
650 _aWater management
942 _cBK
999 _c42526
_d42526